| 000 | 00818nam a22001577a 4500 | ||
|---|---|---|---|
| 003 | OSt | ||
| 005 | 20160316145819.0 | ||
| 008 | 160316b xxu||||| |||| 00| 0 eng d | ||
| 040 | _cRUA | ||
| 082 | _aAGR SOU 2012 B471 Or.1 | ||
| 100 |
_98021 _aSOUNG MAKARA ; សួង មករា |
||
| 245 | _aComparison growing technique on mungbean palnting in rainfed lowlan after harvesting wet season rice and dpland , ប្រៀបធៀបបច្ចេកទេសដំាដុះ លើការដំាដុះសណ្ដែកបាយ នៅតំបន់ទំនាបអាស្រ័យទឹកភ្លៀងក្រោយពេលច្រូតកាត់ស្រូវវស្សា និងទីទួល | ||
| 260 |
_aPhnom Penh _bRUA _c2012 |
||
| 300 |
_ax ;39. _bill. _c29cm. |
||
| 942 |
_2ddc _cAGR |
||
| 999 |
_c7619 _d7619 |
||